Statistiken für Schnelle Tippen von A bis Z

Klicken Sie hier um das Quiz zu spielen!

Allgemein

  • Dieses Quiz wurde 854 mal gespielt
  • Das Durchschnittsergebnis liegt bei 23 aus 26

Antwortstatistiken

Antwort% Korrekt
A
98%
B
95%
D
95%
E
95%
F
94%
C
93%
I
93%
G
92%
H
92%
J
92%
K
90%
O
90%
L
89%
R
89%
Q
88%
M
87%
N
87%
P
87%
S
87%
T
86%
U
83%
W
82%
V
78%
X
75%
Y
73%
Z
73%

Verteilung der Resultate

Perzentil nach korrekt beantworteten Fragen

Anzahl Personen mit jedem Resultat

Ihre Resultats-Entwicklung

Sie haben dieses Quiz noch nicht gespielt